000
00304nam a2200133Ia 4500
100
_a
Mccornik/John; Salvadon
942
_c
BK
654
_a
Fortan
245
_a
Numerical Methods In Fortran
260
_b
Prentice Hall of India
_a
NewDelhi
_c
1971
082
_a
519.4
300
_a
324
546
_a
ENGLISH
999
_c
20663
_d
20663